000 00430nam a22001577a 4500
999 _c17703
_d17703
008 190525b xxu||||| |||| 00| 0 eng d
020 _a8178901005
040 _aKABU
_cKABU
050 _aLC5800
_b.R35 2004 c. 1
100 _aRaj, Shalini
245 _aDistance education
_cShalini Raj
260 _aNew Delhi
_bIvy Publishing house
_c2004
300 _a116 p.
650 _aDistance education
942 _2lcc
_cBK
_hLC5800